| 000 | 00540nam a22001817a 4500 | ||
|---|---|---|---|
| 003 | OSt | ||
| 005 | 20181129042012.0 | ||
| 008 | 180316b xxu||||| |||| 00| 0 spa d | ||
| 040 | _cPJ | ||
| 100 |
_9125 _aSmith, Juan Carlos |
||
| 245 | 1 | 3 |
_aEl desarrollo de las concepciones jusfilosóficas / _cJuan Carlos Smith. |
| 250 | _a2a. ed. | ||
| 260 |
_aBuenos Aires : _bAbeledo-Perrot, _c1980. |
||
| 300 | _a360 p. | ||
| 504 | _aBibliografía: p. 347-356. | ||
| 650 |
_aFILOSOFIA DEL DERECHO _9177 |
||
| 942 |
_2udc _cLIB _h340.12 _iSMI |
||
| 999 |
_c111 _d111 |
||